000 00333nam a22001457a 4500
008 210602b ||||| |||| 00| 0 eng d
020 _a9780124782600
041 _aeng
080 _25th
_a573
082 _a573
100 _a11
101 _aBIO
245 _aHandbook of the Biology of Aging
_cEdward J. Masoro
942 _2udc
_cBK
999 _c57903
_d57903